000
00314nam a22001457a 4500
008
230718b ||||| |||| 00| 0 eng d
020
_a
9780495803980
041
_a
eng
080
_a
159.9
082
_a
159.9MIT
100
_a
25
101
_a
PSI
245
_a
RESEARCH DESIGN
_c
MITCHELL.L.M
942
_2
udc
_c
BK
999
_c
60158
_d
60158